000 00429nam a2200181Ia 4500
001 23244
005 20260414150924.0
008 260414t2019||||xx |||||||||||||| ||spa||
041 _aESP
082 _a627.13
_bV68 2015
100 _aVillón Béjar, Máximo
_eAUT
245 0 _aHidráulica de canales
_b
260 _c2019
300 _a508 páginas :
_c21 cm.
650 _a0
654 _aCIC
942 _cLIB
_dJUS
_fJUS
_2ddc
_n
999 _c23244
_d23244